Olympique Lyonnais all-time top scorers - Statistics

General Stats
  • This quiz has been taken 116 times
    39 since last reset
  • The average score is 5 of 10
Answer Stats
Goals Nationality Player % Correct
201 France Alexandre Lacazette
100%
100 Brazil Juninho Pernambucano
86%
149 France Bernard Lacombe
69%
82 Argentina Lisandro López
67%
94 Brazil Sonny Anderson
67%
222 France Fleury Di Nallo
64%
95 France Bafétimbi Gomis
47%
132 France Serge Chiesa
28%
94 Argentina / France Nestor Combin
3%
92 France Ernest Schultz
0%
No matching quizzes found
Score Distribution
Percent of People with Each Score
Percentile by Number Answered
Your Score History
You have not taken this quiz since the last reset